00768 a2200145 4500003000500000005001700005040000900022082001500031100002300046245004900069260003200118300001300150505043200163650002700595Nust20221215144358.0 cNust a305.26,POW aPowys, John Cowper aThe Art of Growing Old / cJohn Cowper Powys aLondonbJonathan Capec1944 a217:p .; aOld Age in Man And Woman (Paeg-7), Feminine Old Age And Nature (Paeg-26),Old Age And The Inner Life (Paeg-50), Old Age And The Elements (Paeg-63), Old Age And Conscience (Paeg-79), Old Age And Good And Evil (Paeg-92), Old Age And Commons Sense (Paeg-106), Old Age And Other People (Paeg-120), Old Age And Literature (Paeg-140), Old Age And Science (Paeg-166), Old Age And The New Order (Paeg-189), Old Age And Death (Paeg-203). aThe Art of Growing Old